| 000 | 00411 a2200133 4500 | ||
|---|---|---|---|
| 001 | ART_36221 | ||
| 005 | 20260410161701.0 | ||
| 008 | 260409a | ||
| 245 | 1 | 0 | _aDesigualdad, profundidad financiera e impacto en la cuenta corriente |
| 100 | 1 | _aCarrera, Jorge E. | |
| 700 | 1 | _aRodríguez, Esteban | |
| 700 | 1 | _aSardi, Mariano | |
| 773 | 0 |
_tEnsayos Económicos _g- Nº 72 (jun. 2015) _wREV620 |
|
| 999 |
_c15210 _d15210 |
||